000 00900cam a22002651 4500
001 sa 68014927
003 DLC
005 20260227112637.0
008 900302s1962 ii b 000 0 sano
010 _asa 68014927
035 _a(OCoLC)21159993
040 _aDLC
_cWaU
_dDLC
050 0 0 _aPK3798
_b.V75 1962
130 0 _aVīṇāvāsavadatta.
245 1 4 _aThe Vīṇāvāsavadatta.
_cRev. fuller ed. by K. V. Sarma. With a pref. by V. Raghavan.
260 _aMadras,
_bKuppuswami Sastri Research Institute,
_c[1962]
300 _avii, 18, 142, 3 p.
_c25 cm.
500 _aSometimes ascribed to Śudraka.
500 _aA play.
500 _aIn Sanskrit; introductory matter in English.
504 _aBibliographical footnotes
600 0 0 _aUdayana,
_cKing of Udayagiri,
_dactive 520 B.C.-493 B.C.
_vDrama.
700 0 _aŚudraka.
700 1 _aSarma, K. V.
_q(K. Venkateswara),
_d1919-2005.
999 _c86111
_d86111